000 004650000a22001690004500
003 MACL
005 20160209143901.0
008 160209b xxu||||| |||| 00| 0 eng d
040 _aMACL
_cMACL
041 _aHindi
082 _a070
245 _aभारतीय पत्रकारकला
260 _bज्ञानमण्‍डल लिमिटेड
_c1991
_aबनारस
350 _a6
650 _aMedia
_937471
942 _cHIN
_k070
_2ddc
999 _c22988
_d22988